000 00678nam a2200193Ii 4500
003 JO-AjNU
008 230605s9999||||xx |||||||||||||| ||und||
040 _aJO-AjNU
_bara
_erda
_cJO-AjNU
041 _aara
050 1 4 _aNC590 1975
100 3 _aزكي، لطفي تأليف,
_eauthor
_912780
245 0 0 _aاتجاهات في تطوير مناهج تدريس الفنون
264 3 1 _aالمؤلف:المكتبة الأموية,1975
300 _a127ص
336 _atext
_btxt
_2rdacontent
337 _aunmediated
_bn
_2rdamedia
338 _avolume
_bnc
_2rdacarrier
650 4 _aالفنون-مناهج الفنون-تدريس الفنون-تطوير الفنون
_912781
999 _aA3008
_c6576
_d6576